The postmodern history reader

Αποθηκεύτηκε σε:
Λεπτομέρειες βιβλιογραφικής εγγραφής
Άλλοι συγγραφείς: Jenkins, Keith, 1943- (Επιμελητής έκδοσης)
Μορφή: Βιβλίο
Γλώσσα:English
Δημοσίευση: London : Routledge, c1997
Θέματα:
Ετικέτες: Προσθήκη ετικέτας
Δεν υπάρχουν, Καταχωρήστε ετικέτα πρώτοι!

MARC

LEADER 00000cam a2200000 i 4500
001 1/95034
008 991202s1997 eng d
020 |a 0-415-13904-x 
035 |l 10055112 
040 |a GR-MY-UA  |b gre  |e aacr 
041 0 |a eng 
082 0 |a 907.2 
245 1 4 |a The postmodern history reader /  |c edited by Keith Jenkins 
260 |a London :   |b Routledge,   |c c1997 
300 |a 443 p. 
504 |a Includes bibliographical references and index 
650 0 0 |a Historiography. 
650 0 0 |a Postmodernism. 
700 1 |a Jenkins, Keith,   |d 1943-  |4 edt 
852 |a INST  |b LESVOS  |e 19991202  |h 907.2 POS  |p 005100022643  |q 005100022643  |t BK  |y 0 
852 |a INST  |b RHODES  |e 20070813  |h 907.2 POS  |p 005400025965  |q 005400025965  |t BK  |y 0 
901 |a BIBL1-1999-3 
901 |a BIBL4-2007-2 
909 |a Λ  |b 069558 
909 |a Ρ  |b 135848 
922 |a 4ΕΛΗ  |b 200706  |c ΕΠΕΑΕΚ2/ΠΤΔΕ  |d ΕΛΕΥΘΕΡΟΥΔΑΚΗΣ 
970 |a ΤΖΑΦΕΡΗ  |b ΕΥΑΓΓΕΛΙΑ  |z 1999/12/02